| 000 | 00528cam a22002174a 4500 | ||
|---|---|---|---|
| 005 | 20250605164315.0 | ||
| 008 | 250528s ||||||||||||||||||||||||d | ||
| 035 | _a22644 | ||
| 020 | _a9780030153372 | ||
| 040 |
_aGR-AtMCL _bgre _dGR-AtMCL _eAACR2 |
||
| 245 | 1 | _aCONSUMER BEHAVIOR | |
| 250 | _a8 | ||
| 260 |
_bThe Dryden Press, _c1995 |
||
| 300 | _a951 | ||
| 700 | 1 |
_aBlackwell Roger D. _91718 |
|
| 700 | 1 |
_aEngel James F _91719 |
|
| 700 | 1 |
_aMiniard Paul W _91720 |
|
| 942 | _cBK | ||
| 999 |
_c7692 _d7692 |
||